LEADER 01008nam0 2200277 450 001 000023062 005 20090217103754.0 010 $a88-150-1131-5 100 $a20090217d1986----km-y0itay50------ba 101 0 $aita 102 $aIT 105 $ay-------001yy 200 1 $a<>leggi della politica industriale in Italia$edalla ristrutturazione all'innovazione$fa cura di Franco Momigliano 210 $aBologna$cIl Mulino$d1986 215 $a237 p.$d22 cm 225 2 $aQuaderni de L'industria$v29 410 0$12001$aQuaderni de L'industria 500 10$a<>leggi della politica industriale in Italia$960190 610 1 $aItalia$aPolitica industriale$a1970-1985 676 $a338.480945$v19$9Industrie secondarie e servizi. Politiche del governo. Italia 702 1$aMomigliano,$bFranco$4070 801 0$aIT$bUNIPARTHENOPE$c20090217$gRICA$2UNIMARC 912 $a000023062 951 $a126/91$b13/CNR$cNAVA2 996 $aLeggi della politica industriale in Italia$960190 997 $aUNIPARTHENOPE LEADER 02437oam 2200553M 450 001 9910715560703321 005 20191121065726.5 035 $a(CKB)5470000002512447 035 $a(OCoLC)1065779411 035 $a(OCoLC)995470000002512447 035 $a(EXLCZ)995470000002512447 100 $a20070221d1831 ua 0 101 0 $aeng 135 $aurcn||||||||| 181 $ctxt$2rdacontent 182 $cc$2rdamedia 183 $acr$2rdacarrier 200 10$aIn Senate of the United States, February 23, 1831. Read, and ordered to be printed. Mr. Hayne made the following report: The Committee on the Judiciary, to whom was referred the petition of John H. Harrison, praying to be released from a judgment obtained against him as one of the sureties of Francis Adams, report .. 210 1$a[Washington, D.C.] :$c[publisher not identified],$d1831. 215 $a1 online resource (2 pages) 225 1 $aSenate document / 21st Congress, 2nd session. Senate ;$vno. 64 225 1 $a[United States congressional serial set ] ;$v[serial no. 204] 300 $aTitle from opening lines of text. 300 $aBatch processed record: Metadata reviewed, not verified. Some fields updated by batch processes. 300 $aFDLP item number not assigned. 517 $aIn Senate of the United States, February 23, 1831. Read, and ordered to be printed. Mr. Hayne made the following report 606 $aClaims 606 $aGovernment liability 606 $aActions and defenses 606 $aSuretyship and guaranty 606 $aTax collection 606 $aTax assessment 608 $aLegislative materials.$2lcgft 615 0$aClaims. 615 0$aGovernment liability. 615 0$aActions and defenses. 615 0$aSuretyship and guaranty. 615 0$aTax collection. 615 0$aTax assessment. 701 $aHayne$b Robert Young$f1791-1839$pJacksonian (SC)$01197316 801 0$bWYU 801 1$bWYU 801 2$bOCLCO 801 2$bOCLCQ 801 2$bOCLCO 906 $aBOOK 912 $a9910715560703321 996 $aIn Senate of the United States, February 23, 1831. Read, and ordered to be printed. Mr. Hayne made the following report: The Committee on the Judiciary, to whom was referred the petition of John H. Harrison, praying to be released from a judgment obtained against him as one of the sureties of Francis Adams, report .$93444990 997 $aUNINA LEADER 00882nam0-2200277 --450 001 9910801501303321 005 20240206101207.0 010 $a9791259652034 020 $aIT$b2023-2879 100 $a20240206d2022----kmuy0itay5050 ba 101 0 $aita 102 $aIT 105 $a 001yy 200 1 $a<>conflitto di attribuzioni a tutela del singolo parlamentare$eprospettive e problematiche di una via incerta$fAlessandro Lauro 210 $aBari$cCacucci$d2022 215 $a382 p.$d25 cm 225 1 $aStudi di diritto pubblico. Nuova serie$v14 676 $a342.45052$v23$zita 700 1$aLauro,$bAlessandro$0845202 801 0$aIT$bUNINA$gREICAT$2UNIMARC 901 $aBK 912 $a9910801501303321 952 $aI F 300$b2023/1457$fFGBC 959 $aFGBC 996 $aConflitto di attribuzioni a tutela del singolo parlamentare$93669671 997 $aUNINA LEADER 01712nas 2200529- 450 001 9910895873503321 005 20230217213020.0 011 $a2083-358X 035 $a(DE-599)ZDB2436940-8 035 $a(OCoLC)557426687 035 $a(CKB)110978978550191 035 $a(CONSER)--2016204020 035 $a(EXLCZ)99110978978550191 100 $a20100317a19779999 s-- a 101 0 $aeng 135 $aurbn||||||abp 135 $aurbn||||||ada 181 $ctxt$2rdacontent 182 $cc$2rdamedia 183 $acr$2rdacarrier 200 00$aAnnales Universitatis Mariae Curie-Sk?odowska$hSectio AA$iChemia 210 1$a[Warsaw, Poland] :$cVersita 210 31$aWarsaw, Poland :$cDe Gruyter Open 300 $aRefereed/Peer-reviewed 300 $aPrint version published: Lublin : Nak?adem Uniwersytetu Marii Curie-Sk?odowskiej, 1980- 311 08$a0137-6853 517 1 $aAnnales Universitatis Mariae Curie-Sk?odowska. 517 1 $aAnnales Universitatis Mariae Curie-Sk?odowska. 517 1 $aChemia 517 1 $aChemistry 517 1 $aAnnales UMCS. 517 1 $aAnnales UMCS. 531 $aANNALES UNIVERSITATIS MARIAE CURIE SKLODOWSKA SECTIO AA CHEMIA 531 0 $aAnn. Univ. Mariae Curie-Sk?odowska, AA Chem. 606 $aChemistry$vPeriodicals 606 $aChemistry$2fast$3(OCoLC)fst00853344 606 $aChemia$vczasopisma$2jhpk 608 $aPeriodicals$2fast 615 0$aChemistry 615 7$aChemistry. 615 7$aChemia 676 $a540/.5 712 02$aUniwersytet Marii Curie-Sk?odowskiej, 906 $aJOURNAL 912 $a9910895873503321 996 $aAnnales Universitatis Mariae Curie-Sk?odowska$91913389 997 $aUNINA